Inseln anhand größter Stadt - Statistiken

Allgemein
  • Dieses Quiz wurde 121 mal gespielt
  • Das Durchschnittsergebnis liegt bei 14 aus 20
Antwortstatistiken
Stadt Insel % Korrekt
Havanna Kuba
99%
Dublin Irland
97%
Palermo Sizilien
96%
Palma Mallorca
94%
Nikosia Zypern
94%
London Großbritannien
90%
Antananarivo Madagaskar
80%
Cagliari Sardinien
79%
Nuuk Grönland
73%
Jakarta Java
68%
Ajaccio Korsika
68%
Funchal Madeira
67%
Iraklio Kreta
66%
Auckland Nordinsel
61%
Colombo Sri Lanka
61%
Christchurch Südinsel
61%
Tokio Honshu
59%
Kopenhagen Sjælland
37%
Bergen Rügen
20%
Santa Cruz Tenerifa
7%
Keine übereinstimmenden Quizze gefunden
Verteilung der Resultate
Anzahl Personen mit jedem Resultat
Perzentil nach korrekt beantworteten Fragen
Ihre Resultats-Entwicklung
Sie haben dieses Quiz noch nicht gespielt